Arrow Episode Title Names - Statistics

General Stats
  • This quiz has been taken 15 times
  • The average score is 50 of 170
Answer Stats
Season 1 Answer % Correct
1 Pilot
89%
2 Honor Thy Father
78%
23 Lian Yu
67%
12 Vertigo
67%
10 Burned
56%
1 Green Arrow
56%
11 Trust But Verify
56%
21 Al Sah-him
44%
8 Crisis on Earth-X, Part 2
44%
8 Crisis on Infinite Earths: Part Four
44%
22 Darkness on the Edge of Town
44%
18 Deathstroke
44%
9 Elseworlds, Part 2
44%
6 Legacies
44%
1 Legacy
44%
3 Lone Gunmen
44%
23 Sacrifice
44%
2 Sara
44%
23 Schism
44%
1 Starling City
44%
7 State v. Queen
44%
8 The Brave and the Bold
44%
17 The Huntress Returns
44%
14 The Odyssey
44%
21 The Undertaking
44%
9 Three Ghosts
44%
4 An Innocent Man
33%
13 Betrayal
33%
17 Birds of Prey
33%
21 City of Blood
33%
1 City of Heroes
33%
3 Corto Maltese
33%
4 Crucible
33%
5 Damaged
33%
16 Dead to Rights
33%
15 Dodger
33%
7 Draw Back Your Bow
33%
18 Eleven-Fifty-Nine
33%
12 Emerald Archer
33%
10 Fadeout
33%
9 Green Arrow & The Canaries
33%
20 Home Invasion
33%
21 Honor Thy Fathers
33%
1 Inmate 4587
33%
8 Invasion!
33%
17 Kapiushon
33%
6 Keep Your Enemies Closer
33%
8 Legends of Yesterday
33%
7 Muse of Fire
33%
10 My Name Is Emiko Queen
33%
23 My Name Is Oliver Queen
33%
11 Past Sins
33%
5 Prochnost
33%
18 Public Enemy
33%
18 Salvation
33%
16 Star City 2040
33%
13 Star City Slayer
33%
16 Suicide Squad
33%
1 The Calm
33%
9 The Climb
33%
19 The Dragon
33%
2 The Longbow Hunters
33%
4 The Magician
33%
2 The Recruits
33%
14 The Return
33%
5 The Secret Origin of Felicity Smoak
33%
7 The Slabside Redemption
33%
19 Unfinished Business
33%
23 Unthinkable
33%
8 Vendetta
33%
7 Vigilante
33%
2 Welcome to Hong Kong
33%
9 Year's End
33%
12 All for Nothing
22%
3 A Matter of Trust
22%
11 A.W.O.L.
22%
17 Beacon of Hope
22%
4 Beyond Redemption
22%
10 Blast Radius
22%
11 Blind Spot
22%
10 Blood Debts
22%
12 Bratva
22%
19 Broken Arrow
22%
3 Broken Dolls
22%
16 Broken Hearts
22%
7 Brotherhood
22%
14 Brothers & Sisters
22%
17 Brothers in Arms
22%
13 Canaries
22%
19 Canary Cry
22%
16 Checkmate
22%
14 Code of Silence
22%
14 Collision Course
22%
20 Confessions
22%
3 Crossing Lines
22%
19 Dangerous Liaisons
22%
9 Dark Waters
22%
5 Deathstroke Returns
22%
18 Disbanded
22%
10 Divided
22%
21 Docket No. 11-19-41-73
22%
15 Doppelganger
22%
6 Due Process
22%
15 Fighting Fire with Fire
22%
18 Fundamentals
22%
20 Genesis
22%
6 Guilty
22%
5 Haunted
22%
13 Heir to the Demon
22%
5 Human Target
22%
2 Identity
22%
17 Inheritance
22%
9 Irreconcilable Differences
22%
5 League of Assassins
22%
3 Leap of Faith
22%
10 Left Behind
22%
4 Level Two
22%
23 Life Sentence
22%
21 Living Proof
22%
18 Lost Canary
22%
22 Lost in the Flood
22%
6 Lost Souls
22%
11 Midnight City
22%
22 Missing
22%
21 Monument Point
22%
15 Nanda Parbat
22%
3 Next of Kin
22%
4 Penance
22%
4 Present Tense
22%
6 Promises Kept
22%
7 Purgatory
22%
6 Reset
22%
3 Restoration
22%
4 Reversal
22%
11 Second Chances
22%
20 Seeing Red
22%
20 Shifting Allegiances
22%
13 Sins of the Father
22%
6 So It Begins
22%
19 Spartan
22%
13 Spectre of the Gun
22%
22 Streets of Fire
22%
17 Suicidal Tendencies
22%
15 Taken
22%
7 Thanksgiving
22%
2 The Candidate
22%
5 The Demon
22%
13 The Devil's Greatest Trick
22%
20 The Fallen
22%
19 The Man Under the Hood
22%
16 The Offer
22%
15 The Promise
22%
8 The Scientist
22%
14 The Sin-Eater
22%
16 The Thanatos Guild
22%
22 The Ties That Bind
22%
22 This Is Your Sword
22%
14 Time of Death
22%
15 Training Day
22%
12 Tremors
22%
2 Tribute
22%
12 Unchained
22%
20 Underneath
22%
8 Unmasked
22%
12 Uprising
22%
11 We Fall
22%
9 What We Leave Behind
22%
10 Who Are You?
22%
22 You Have Saved This City
22%
1 Fallout
11%
No matching quizzes found
Score Distribution
Percent of People with Each Score
Percentile by Number Answered
Your Score History
You have not taken this quiz